Mil millones de años hasta el fin del mundo : un manuscrito hallado en extrañas circunstancias /
Na minha lista:
| Main Authors: | , |
|---|---|
| Outros Autores: | |
| Formato: | Recurso Electrónico livro electrónico |
| Idioma: | espanhol russo |
| Publicado em: |
Madrid, España :
Sexto Piso,
[2017]
|
| Edição: | Primera edición. |
| Colecção: | Narrativa Sexto Piso.
|
| Assuntos: | |
| Acesso em linha: | Digitalia Hispánica |
| Tags: |
Adicionar Tag
Sem tags, seja o primeiro a adicionar uma tag!
|
MARC
| LEADER | 00000nam a2200000Ii 4500 | ||
|---|---|---|---|
| 001 | DIGSEXPIS0035 | ||
| 003 | NyNyDIG | ||
| 006 | m o d | ||
| 007 | cr ||||||||||| | ||
| 008 | 230608s2017 sp o 000 f spa d | ||
| 035 | |a (OCoLC)1382358523 | ||
| 040 | |a DGITA |b eng |e rda |e pn |c DGITA | ||
| 020 | |a 9788416358809 |q eBook | ||
| 020 | |z 9788416677566 | ||
| 041 | 1 | |a spa |h rus | |
| 050 | 1 | 4 | |a PG3488.T73 ebook |
| 100 | 1 | |a Strugat︠s︡kiĭ, Arkadiĭ, |d 1925-1991, |e author. | |
| 245 | 1 | 0 | |a Mil millones de años hasta el fin del mundo : |b un manuscrito hallado en extrañas circunstancias / |c Arkadi y Borís Strugatski ; traducción de Fernando Otero Macías. |
| 250 | |a Primera edición. | ||
| 264 | 1 | |a Madrid, España : |b Sexto Piso, |c [2017] | |
| 300 | |a 1 online resource. | ||
| 336 | |a text |b txt |2 rdacontent | ||
| 337 | |a computer |b c |2 rdamedia | ||
| 338 | |a online resource |b cr |2 rdacarrier | ||
| 347 | |a text file |2 rdaft | ||
| 347 | |b EPUB | ||
| 490 | 1 | |a Narrativa Sexto Piso | |
| 588 | 0 | |a Online resource; title from ePub title page (Digitalia, viewed June 8, 2023) | |
| 655 | 7 | |a Fiction. |2 lcgft | |
| 700 | 1 | |a Strugat︠s︡kiĭ, Boris, |d 1933-2012, |e author. | |
| 700 | 1 | |a Otero, Fernando, |d 1978- |e translator. | |
| 700 | 1 | |i Translation of: |a Strugat︠s︡kiĭ, Arkadiĭ, |d 1925-1991. |t One billion years to the end of the world. | |
| 776 | 0 | 8 | |i Print version: |a Strugat︠s︡kiĭ, Arkadiĭ, 1925-1991. |t Mil millones de años hasta el fin del mundo. |b Primera edición. |d Madrid, España : Sexto Piso, [2017] |z 9788416677566 |
| 791 | 2 | |a Digitalia (Firm), |e distributor. | |
| 793 | 0 | |g Digitalia eBook Collection: |a Editorial Sexto Piso | |
| 830 | 0 | |a Narrativa Sexto Piso. | |
| 856 | 4 | 0 | |3 Digitalia Hispánica |u https://digitalia.unach.elogim.com/a/81301/ |
| 910 | |a Premium collection: 2023 | ||